=LDR 00000nam 2200000 4500 =001 INLIS000000000055648 =005 20200622105926 =035 ##$$a 0010-0620000088 =007 ta =008 200622###########################0#ind## =020 ##$$a 978-602-61010-1-3 =082 ##$$a 291.1 =084 ##$$a 291.1 Abd m =245 1#$$a Menjaga benteng kebinekaan di sekolah /$c Abdul Azis Muslim =250 ##$$a Cet 1 =300 ##$$a 374 halaman : $b Ilustrasi ; $c 23 Cm. =700 #$$a Editor : Khelmy K. Pribadi =504 ##$$a Bibliografi : halaman 356 - 361 =600 #4$$a Agama, kerukunan =264 ##$$a Jakarta :$b PPIM,$c 2018 =336 ##$$a teks$2 rdacontent =337 ##$$a lain-lain$2 rdamedia =338 ##$$a lain-lain$2 rdacarrier =990 ##$$a 07250725 =990 ##$$a 31900181